| 000 | 00808nam a2200277 i 4500 | ||
|---|---|---|---|
| 001 | 180258 | ||
| 003 | ES-MaACL | ||
| 005 | 20250727032054.0 | ||
| 008 | 120521s1985 sp | |||| ||spa d | ||
| 020 | _a84-85887-76-X | ||
| 080 | _a504.75 | ||
| 080 | _a316.73 | ||
| 080 | _a316.423.2 | ||
| 100 | 1 |
_aMartínez Veiga, Ubaldo. _978474 |
|
| 245 | 1 | 0 |
_aCultura y adaptación / _cUbaldo Martínez Veiga. |
| 250 | _a1ª ed. | ||
| 260 |
_aBarcelona : _bAnthropos, _c1985. |
||
| 300 |
_a56 p. ; _c27 cm. |
||
| 490 | 1 |
_aCuadernos de antropología ; _v4 |
|
| 504 | _aBibliografía: p. 54-56. | ||
| 650 |
_aEcología humana. _912002 |
||
| 650 | 4 |
_aEvolución social. _9150064 |
|
| 830 | 0 |
_aCuadernos de antropología _v4 _9224620 |
|
| 852 |
_aES-MaACL _j2313-F-4 |
||
| 999 |
_c180258 _d180258 |
||